000 00742nam a22002057a 4500
008 161001b xxu||||| |||| 00| 0 eng d
020 _a9971513536
082 _22001
_aDC 658.4038011
_bM85
100 _915666
_aMascove, Stephen A.
245 _aCore concepts of accounting information systems/
_cStephen A. Mascove, Mark G. Simkin and Nancy A. Bagranoff.
250 _a7th edition
260 _aNew York:
_bJohn Wiley & Sons, Inc.,
_cc2001.
300 _ax, 502 pages;
_c26 cm.
500 _aIncludes bibliographical references and index.
650 0 _915667
_aAccounting
_xData processing
700 _915668
_aSimkin, Mark G.
_eAuthor
700 _915669
_aBagranoff, Nancy A.
_eAuthor
365 _b455.00
_cPhp
942 _2ddc
_cDC
999 _c4997
_d4997